Normal view
MARC view
- فلسطين- تاريخ- جغرافية
Entry Topical Term
001 - CONTROL NUMBER
- control field: 45603
003 - CONTROL NUMBER IDENTIFIER
- control field: JO-AjAnu
005 - DATE AND TIME OF LATEST TRANSACTION
- control field: 20230606081537.0
008 - FIXED-LENGTH DATA ELEMENTS
- fixed length control field: 230606|| aca||aabn | a|a d
040 ## - CATALOGING SOURCE
- Original cataloging agency: JO-AjAnu
- Transcribing agency: JO-AjAnu
150 ## - HEADING--TOPICAL TERM
- Topical term or geographic name entry element: فلسطين- تاريخ- جغرافية
670 ## - SOURCE DATA FOUND
- Source citation: Work cat.: (JO-AjAnu)23348: تاليف الدباغ، مصطفى مراد 1898- 1989, author 45602, بلادنا فلسطين: في ديار الجليل- جندرا الاردن، المجلد السابع، القسم الثاني